Online
Catalog

Manual de Kharlos para las emergencias mecánicas / (Record no. 16912)

MARC details
000 -CABECERA
campo de control de longitud fija 01394nam a2200217 a 4500
001 - NÚMERO DE CONTROL
campo de control 000017387
005 - FECHA Y HORA DE LA ÚLTIMA TRANSACCIÓN
campo de control 20200929165111.0
008 - DATOS DE LONGITUD FIJA--INFORMACIÓN GENERAL
campo de control de longitud fija 100324s1985 dr a 001 0 spa d
040 ## - FUENTE DE LA CATALOGACIÓN
Centro catalogador/agencia de origen DO-SdBNP
Lengua de catalogación spa
Centro/agencia transcriptor BNPHU
082 ## - NÚMERO DE LA CLASIFICACIÓN DECIMAL DEWEY
Número de clasificación 629.287
Número de documento/Ítem P227m
100 1# - ENTRADA PRINCIPAL--NOMBRE DE PERSONA
Nombre de persona Paredes Ciprián, Carlos Tomás,
Fechas asociadas al nombre 1948-
9 (RLIN) 38066
245 10 - MENCIÓN DE TÍTULO
Título Manual de Kharlos para las emergencias mecánicas /
Mención de responsabilidad, etc. Carlos Tomás Paredes Ciprián.
260 ## - PUBLICACIÓN, DISTRIBUCIÓN, ETC.
Lugar de publicación, distribución, etc. Santo Domingo :
Fabricante Trébol,
Fecha de publicación, distribución, etc. 1985.
300 ## - DESCRIPCIÓN FÍSICA
Extensión 53 p. :
Otras características físicas il. ;
Dimensiones 23 cm.
500 ## - NOTA GENERAL
Nota general Incluye datos biográficos del autor en la cubierta.
505 0# - NOTA DE CONTENIDO CON FORMATO
Información miscelánea Prólogo --
Título Distribución de la corriente eléctrica --
-- Motores de arranque --
-- Causas por la que a veces los motores no encienden --
-- Fallas en el sistema eléctrico --
-- Fallas en los frenos --
-- Causa por las cuales el guía de un vehículo hala hacia los lados --
-- Causas que motivan las altas temperaturas --
-- Vibraciones en la carrocería --
-- Sonidos que indican desperfectos --
-- Vehículos que botan humo por el mofler --
-- Causas que motivan los fallos en el motor --
-- Causas por las cuales un motor se apaga --
-- Cómo cambiar los cables de la ignición --
-- Motores con retroceso --
-- Motor fundido o trancado --
-- Prevenciones.
590 ## - NOTA LOCAL (RLIN)
Nota local Inventariado,2018/DG
650 #4 - PUNTO DE ACCESO ADICIONAL DE MATERIA--TÉRMINO DE MATERIA
Término de materia o nombre geográfico como elemento de entrada Automóviles
Subdivisión general Mantenimiento y reparación
9 (RLIN) 2181
650 #4 - PUNTO DE ACCESO ADICIONAL DE MATERIA--TÉRMINO DE MATERIA
Término de materia o nombre geográfico como elemento de entrada Automóviles
Subdivisión general Manuales
9 (RLIN) 38067
910 ## - DATOS DE OPCIÓN DEL USUARIO (OCLC)
Datos de opción del usuario Validado. Control de calidad EMS
Holdings
Estado de retiro Estado de pérdida No para préstamo Código de colección Localización permanente Ubicación/localización actual Ubicación en estantería Fecha de adquisición Número de inventario Total de préstamos Signatura topográfica completa Código de barras Fecha visto por última vez Precio válido a partir de Tipo de ítem Koha Número de copia Nota pública
    Excluido de préstamo Patrimonio Dominicano Patrimonio Dominicano Patrimonio Dominicano Depósito 24.03.2010 LF1   629.287 P227m 17387-10 25.06.2020 25.06.2020 Libro y Folleto Colección Patrimonio Dominicano    
    Excluido de préstamo Patrimonio Dominicano Patrimonio Dominicano Patrimonio Dominicano Depósito 02.07.2019 LF1   629.287 P227m 17387-20 25.06.2020 25.06.2020 Libro y Folleto Colección Patrimonio Dominicano e.2 Perteneció a la biblioteca personal de la familia Reyes Duluc.

Powered by Koha